| 000 | 00348nam a2200145Ia 4500 | ||
|---|---|---|---|
| 008 | 150201s2005 xx 000 0 und d | ||
| 082 |
_a617.6 _b12005D |
||
| 100 | _aDABAS, VIPIN | ||
| 245 | _aINTRODUCTION TO ORAL IMPLANTOLOGY | ||
| 250 | _a1ST | ||
| 260 |
_bAITBS _aDELHI _c2005 |
||
| 300 | _a1-194 | ||
| 650 | _aIMPLANTOLOGY | ||
| 942 |
_2ddc _cBK _07 |
||
| 999 |
_c4525 _d4525 |
||